Leyes de impunidad y los derechos humanos en las Américas: una respuesta legal /
Sparad:
| Huvudupphovsman: | |
|---|---|
| Materialtyp: | Text |
| Ämnen: | |
| Taggar: |
Lägg till en tagg
Inga taggar, Lägg till första taggen!
|
MARC
| LEADER | 00000 a a2200000 04500 | ||
|---|---|---|---|
| 001 | 16355 | ||
| 003 | |||
| 040 | |||
| 100 | |a Norris, Robert E. | ||
| 245 | |a Leyes de impunidad y los derechos humanos en las Américas: |b una respuesta legal / |c Robert E. Norris | ||
| 650 | |a DERECHOS HUMANOS | ||
| 650 | |a AMNISTIA | ||
| 650 | |a ASPECTOS JURIDICOS | ||
| 650 | |a ESTADO | ||
| 650 | |a DERECHO INTERNACIONAL | ||
| 773 | |g número 15; páginas 47-121 | ||
| 999 | |c 32942 |d 32942 | ||
